[Event "XII Festival A"]
[Site "Lucca ITA"]
[Date "2000.10.07"]
[Round "1"]
[White "Amato, Giampiero"]
[Black "Zucconi, Leandro"]
[Result "0-1"]
[WhiteElo "1752"]
[BlackElo "2171"]
[PlyCount "80"]
[EventDate "2000.10.07"]

1. e4 e6 2. d4 d5 3. e5 c5 4. c3 Nc6 5. Nf3 Bd7 6. a3 c4 7. Be2 Qb6 8. Nbd2 Na5
9. Rb1 Ne7 10. O-O Nb3 11. Qe1 Nc6 12. Nxb3 Qxb3 13. Bg5 h6 14. Bf4 Na5 15. Qc1
Be7 16. Bd1 Qb6 17. Bc2 Nb3 18. Qd1 O-O-O 19. Bxb3 cxb3 20. Re1 Kb8 21. Nd2 Ba4
22. Be3 Rc8 23. c4 dxc4 24. Ne4 Qa5 25. Bd2 Qb6 26. Be3 Qc6 27. Nc3 Qd7 28. Bf4
Ka8 29. d5 exd5 30. e6 fxe6 31. Nxa4 Qxa4 32. Rxe6 Bf6 33. Be5 Rhd8 34. Bxf6
gxf6 35. Rxf6 d4 36. Rf7 Qc6 37. Rf4 c3 38. bxc3 dxc3 39. Qxb3 c2 40. Rc1 Qd5
0-1

[Event "XII Festival A"]
[Site "Lucca ITA"]
[Date "2000.10.07"]
[Round "1"]
[White "Bardi, Massimo"]
[Black "Tocchioni, Doriano"]
[Result "0-1"]
[WhiteElo "1803"]
[BlackElo "2250"]
[PlyCount "40"]
[EventDate "2000.10.07"]

1. e4 c6 2. d4 d5 3. Nc3 dxe4 4. f3 e5 5. Be3 Bb4 6. dxe5 Qa5 7. Qd4 c5 8. Qc4
Nc6 9. Bd2 e3 10. Bxe3 Be6 11. Qb5 Bxc3+ 12. bxc3 Qxc3+ 13. Kf2 Qxa1 14. Qxb7
Rc8 15. Bb5 Nge7 16. Bxc5 O-O 17. Bxe7 Nxe7 18. Qxe7 Rxc2+ 19. Be2 Qd4+ 20. Kg3
Qxe5+ 0-1

[Event "XII Festival A"]
[Site "Lucca ITA"]
[Date "2000.10.07"]
[Round "1"]
[White "Bartolini, Tommaso"]
[Black "Bertino, Andrea"]
[Result "1-0"]
[WhiteElo "2165"]
[BlackElo "1765"]
[PlyCount "87"]
[EventDate "2000.10.07"]

1. d4 Nf6 2. c4 e6 3. Nc3 Bb4 4. Bg5 h6 5. Bh4 g5 6. Bg3 Ne4 7. Qc2 Nxg3 8.
hxg3 c5 9. d5 Qf6 10. e4 Bxc3+ 11. bxc3 e5 12. Bd3 d6 13. Ne2 Nd7 14. f3 Nf8
15. Qb3 Ng6 16. O-O-O Qd8 17. Rh5 Kf8 18. Rf1 Kg7 19. Rh2 Qa5 20. f4 f6 21.
fxg5 fxg5 22. Kd2 Rb8 23. Rf5 Bxf5 24. exf5 e4 25. Bxe4 Ne5 26. Bd3 b5 27. cxb5
Nxd3 28. Kxd3 Qxb5+ 29. Qxb5 Rxb5 30. c4 Ra5 31. Nc3 Ra3 32. g4 Kf6 33. Rh3 h5
34. Kc2 Ke5 35. Re3+ Kf4 36. Re4+ Kg3 37. gxh5 Rxh5 38. f6 Rh8 39. Re7 Rf8 40.
f7 Kxg2 41. Nb5 Rxa2+ 42. Kd3 Rh8 43. Re8 Rh3+ 44. Re3 1-0

[Event "XII Festival A"]
[Site "Lucca ITA"]
[Date "2000.10.07"]
[Round "1"]
[White "Carzolio, Luigi"]
[Black "Nelli, Luca"]
[Result "1/2-1/2"]
[WhiteElo "1814"]
[BlackElo "1927"]
[PlyCount "68"]
[EventDate "2000.10.07"]

1. b4 Nf6 2. Bb2 b6 3. e3 Bb7 4. Nf3 g6 5. Be2 Bg7 6. O-O O-O 7. d3 c5 8. bxc5
bxc5 9. Nbd2 Nc6 10. c4 d6 11. a3 Qa5 12. Qc2 Rab8 13. Bc3 Qa6 14. d4 Nd7 15.
d5 Nce5 16. Nxe5 Bxe5 17. Bxe5 Nxe5 18. f4 Nd7 19. Ne4 Ba8 20. h4 Rb6 21. h5
Rfb8 22. hxg6 hxg6 23. Ng3 Nf6 24. Rfb1 Kg7 25. Rxb6 Rxb6 26. e4 Ne8 27. Qc3+
Kg8 28. e5 Qb7 29. Kh2 Rb3 30. Qc2 dxe5 31. fxe5 Qb8 32. Bd3 Rb2 33. Qc3 Rb3
34. Qc2 Rb2 1/2-1/2

[Event "XII Festival A"]
[Site "Lucca ITA"]
[Date "2000.10.07"]
[Round "1"]
[White "De Santis, Alessio"]
[Black "Donatini, Andrea"]
[Result "1-0"]
[WhiteElo "2309"]
[BlackElo "1824"]
[PlyCount "43"]
[EventDate "2000.10.07"]

1. d4 Nf6 2. c4 e6 3. g3 Bb4+ 4. Nd2 O-O 5. Bg2 d5 6. Ngf3 Nbd7 7. O-O Re8 8.
a3 Bf8 9. Qc2 c6 10. b3 e5 11. dxe5 Nxe5 12. Bb2 Nxf3+ 13. Nxf3 dxc4 14. Qxc4
Be6 15. Qc2 Bd5 16. Ng5 g6 17. e4 Be6 18. Nxe6 Rxe6 19. Rad1 Qe7 20. Bh3 Re5
21. Qc3 Rh5 22. Rd7 1-0

[Event "XII Festival A"]
[Site "Lucca ITA"]
[Date "2000.10.07"]
[Round "1"]
[White "Franceschi, Riccardo"]
[Black "Gorelli Fagiolini, Marco"]
[Result "1/2-1/2"]
[WhiteElo "1785"]
[BlackElo "2203"]
[PlyCount "175"]
[EventDate "2000.10.07"]

1. c4 e6 2. Nf3 Nf6 3. g3 d5 4. b3 Be7 5. Bg2 O-O 6. Bb2 c5 7. O-O d4 8. b4
cxb4 9. Nxd4 Qb6 10. e3 Bd7 11. d3 Nc6 12. Nf3 Rfd8 13. Nbd2 Be8 14. Qe2 Rac8
15. Rfd1 Qa6 16. d4 Nd5 17. Qd3 Nb6 18. Rdc1 Na4 19. Qc2 Nxb2 20. Qxb2 Qb6 21.
c5 Qc7 22. Nc4 Qb8 23. Nfe5 Nxe5 24. Nxe5 a5 25. Nc4 Qc7 26. Nb6 Rb8 27. a3
bxa3 28. Rxa3 a4 29. Nxa4 Bxa4 30. Rxa4 b6 31. Qa2 bxc5 32. Ra7 Qb6 33. Rxe7
cxd4 34. exd4 Qxd4 35. Qa7 Qf6 36. Rb7 Ra8 37. Qe3 g6 38. Rbc7 Rab8 39. Bb7 Rf8
40. Qh6 Qb2 41. Bg2 Qe2 42. R7c2 Qe5 43. Rc4 Rbd8 44. Rh4 Qg7 45. Qxg7+ Kxg7
46. Rhc4 Rd2 47. Rc8 Rxc8 48. Rxc8 Rd1+ 49. Bf1 Rd7 50. Kg2 Ra7 51. Be2 Re7 52.
Bf3 Ra7 53. Ra8 Rc7 54. Rb8 Re7 55. Rb7 Re8 56. Bc6 Rd8 57. Bd7 Kf8 58. Kf3 Ra8
59. h4 h5 60. Kf4 Ra5 61. f3 Rf5+ 62. Ke4 Ra5 63. Bb5 Ra3 64. Kf4 Rb3 65. Bc6
Rc3 66. Be4 Kg7 67. Ke5 Rc1 68. Rb1 Rc3 69. Kd4 Rc7 70. Bd3 Rd7+ 71. Ke3 Ra7
72. Rb3 Ra1 73. Bb1 Ra4 74. Kd3 Ra1 75. Kc3 Ra4 76. Bc2 Ra1 77. Rb1 Ra3+ 78.
Bb3 Ra5 79. Rd1 Re5 80. Rd7 Re3+ 81. Rd3 Re1 82. Kd2 Rg1 83. Ke3 Rxg3 84. Bd1
Rh3 85. Rd4 Rh2 86. Be2 Rh1 87. Bd1 Rh2 88. Be2 1/2-1/2

[Event "XII Festival A"]
[Site "Lucca ITA"]
[Date "2000.10.07"]
[Round "1"]
[White "Innocenti, Luca"]
[Black "Bini, Lorenzo"]
[Result "1-0"]
[WhiteElo "1668"]
[BlackElo "2065"]
[PlyCount "99"]
[EventDate "2000.10.07"]

1. Nf3 g6 2. d4 Bg7 3. c4 d6 4. e4 Bg4 5. Be2 c6 6. O-O Qb6 7. Nbd2 a5 8. h3
Bd7 9. Nb3 a4 10. c5 Qa7 11. Nbd2 dxc5 12. dxc5 Nf6 13. Nc4 Na6 14. Nb6 Rd8 15.
Qxa4 O-O 16. Ne5 Bc8 17. Bxa6 Qxa6 18. Qxa6 bxa6 19. Nxc6 Nxe4 20. Nxd8 Rxd8
21. Nxc8 Rxc8 22. Be3 Bxb2 23. Rab1 Be5 24. Rbc1 f5 25. c6 f4 26. Bb6 Nc3 27.
Rfe1 Bf6 28. c7 Kf7 29. Rcd1 Nxd1 30. Rxd1 Be5 31. Rd8 Rxc7 32. Bxc7 Bxc7 33.
Rc8 Bd6 34. Ra8 Ke6 35. Rxa6 Kd5 36. Kf1 g5 37. Ra5+ Bc5 38. Ke2 h5 39. Kd3 e5
40. f3 g4 41. hxg4 hxg4 42. Rxc5+ Kxc5 43. Ke4 gxf3 44. gxf3 Kd6 45. a4 Ke6 46.
a5 Kd6 47. a6 Kc6 48. Kxe5 Kb6 49. Kxf4 Kxa6 50. Ke5 1-0

[Event "XII Festival A"]
[Site "Lucca ITA"]
[Date "2000.10.07"]
[Round "1"]
[White "Jurkovic, Ante"]
[Black "Ambrosi, Arcangelo"]
[Result "1-0"]
[WhiteElo "2370"]
[BlackElo "1857"]
[PlyCount "63"]
[EventDate "2000.10.07"]

1. e4 d5 2. exd5 Nf6 3. Nf3 Nxd5 4. d4 Bg4 5. h3 Bh5 6. g4 Bg6 7. Bg2 c6 8. O-O
e6 9. Ne5 Nd7 10. c4 N5b6 11. Nxg6 hxg6 12. d5 cxd5 13. cxd5 e5 14. Nc3 Bd6 15.
Nb5 Qe7 16. Be3 a6 17. Nxd6+ Qxd6 18. Rc1 f5 19. Qc2 e4 20. Rfd1 O-O 21. Qc7
Qb4 22. Qxb7 Rfb8 23. Qc6 Nf8 24. Bc5 Qb5 25. Bxf8 Qxc6 26. Rxc6 Kxf8 27. Rxg6
fxg4 28. hxg4 Nc4 29. Rd4 Ne5 30. Rg5 Nf7 31. Rf5 Ke7 32. Rxe4+ 1-0

[Event "XII Festival A"]
[Site "Lucca ITA"]
[Date "2000.10.07"]
[Round "1"]
[White "Koroveshi, Thoma"]
[Black "Frilli, Guido"]
[Result "1-0"]
[WhiteElo "2041"]
[BlackElo "1600"]
[PlyCount "51"]
[EventDate "2000.10.07"]

1. Nf3 Nf6 2. c4 e6 3. b3 Be7 4. Bb2 O-O 5. e3 d5 6. d4 Nbd7 7. Bd3 c6 8. Nbd2
b6 9. O-O Bb7 10. Ne5 Rc8 11. f4 dxc4 12. bxc4 c5 13. Qe2 Qc7 14. Rad1 Rfd8 15.
f5 Bd6 16. fxe6 fxe6 17. Nxd7 Qxd7 18. e4 Bf8 19. e5 Ne8 20. Bxh7+ Kxh7 21.
Rxf8 g6 22. Ne4 Qe7 23. Rf7+ Qxf7 24. Ng5+ Kg7 25. Nxf7 Kxf7 26. Qf2+ 1-0

[Event "XII Festival A"]
[Site "Lucca ITA"]
[Date "2000.10.07"]
[Round "1"]
[White "Masullo, Andrea"]
[Black "Ausmins, Elmar"]
[Result "0-1"]
[WhiteElo "1837"]
[BlackElo "2324"]
[PlyCount "56"]
[EventDate "2000.10.07"]

1. e4 d6 2. d4 Nf6 3. Nc3 g6 4. f4 Bg7 5. Nf3 O-O 6. Bd3 Nc6 7. O-O Bg4 8. e5
Nd7 9. Be3 Nb4 10. Be4 c5 11. a3 cxd4 12. Bxd4 dxe5 13. fxe5 Nc6 14. Bxc6 bxc6
15. e6 Bxe6 16. Bxg7 Kxg7 17. Ng5 Nc5 18. b4 Qxd1 19. Raxd1 h6 20. Nxe6+ Nxe6
21. Rd7 Rfe8 22. Ne4 a5 23. c3 axb4 24. axb4 Ra2 25. Rf2 Ra1+ 26. Rf1 Rxf1+ 27.
Kxf1 Kf8 28. c4 Rb8 0-1

[Event "XII Festival A"]
[Site "Lucca ITA"]
[Date "2000.10.07"]
[Round "1"]
[White "Mola, Pietro"]
[Black "Calugi, Francesco"]
[Result "1-0"]
[WhiteElo "2250"]
[BlackElo "1804"]
[PlyCount "135"]
[EventDate "2000.10.07"]

1. d4 Nf6 2. Nf3 g6 3. Bg5 Bg7 4. Nbd2 c5 5. e3 cxd4 6. exd4 O-O 7. Bd3 Nc6 8.
O-O d6 9. c3 Qc7 10. Re1 e5 11. dxe5 dxe5 12. Qa4 h6 13. Bh4 Be6 14. Nc4 Nd7
15. Qa3 Nb6 16. Nd6 Nc8 17. Nb5 Qb6 18. Bg3 Rd8 19. Bf1 Bf8 20. b4 f6 21. Rad1
Nd6 22. Nxd6 Bxd6 23. Qc1 Bf8 24. Qc2 Bf7 25. Bd3 Kg7 26. Qb2 Rac8 27. h4 h5
28. a3 Na5 29. Nxe5 fxe5 30. Bxe5+ Kg8 31. Bd4 Rxd4 32. cxd4 Bg7 33. Re7 Nc6
34. Rxf7 Kxf7 35. Qb3+ Kf8 36. Bxg6 Qc7 37. Qf3+ Kg8 38. Qd5+ Kf8 39. Qf5+ Kg8
40. Bf7+ Qxf7 41. Qxc8+ Kh7 42. d5 Nd4 43. Qc4 Qf4 44. Qd3+ Kh8 45. g3 Qg4 46.
Kg2 Ne2 47. Qf3 Nf4+ 48. Qxf4 Qxd1 49. Qf3 Qxf3+ 50. Kxf3 Bb2 51. a4 Ba3 52. b5
Kg7 53. Ke4 Kf6 54. f3 Bd6 55. g4 Bg3 56. gxh5 Bxh4 57. h6 Kg6 58. a5 Kxh6 59.
a6 bxa6 60. bxa6 Kg6 61. d6 Kf7 62. Kd5 Ke8 63. Kc5 Kd8 64. Kc6 Bf6 65. f4 Bd4
66. Kd5 Bf6 67. Ke6 Bd4 68. f5 1-0

[Event "XII Festival A"]
[Site "Lucca ITA"]
[Date "2000.10.07"]
[Round "1"]
[White "Patelli, Alessandro"]
[Black "Casarosa, Michele"]
[Result "1-0"]
[WhiteElo "2244"]
[BlackElo "1786"]
[PlyCount "75"]
[EventDate "2000.10.07"]

1. Nf3 Nf6 2. c4 g6 3. Nc3 Bg7 4. e4 d6 5. d4 O-O 6. Be2 e5 7. O-O Nc6 8. d5
Ne7 9. Nd2 Ne8 10. b4 f5 11. c5 Nf6 12. f3 f4 13. Nc4 g5 14. a4 h5 15. Ba3 Ne8
16. b5 b6 17. cxb6 cxb6 18. Bb4 Rf6 19. a5 Rb8 20. axb6 axb6 21. Ra7 Rg6 22.
Qc2 g4 23. Rc1 g3 24. h3 Bxh3 25. gxh3 g2 26. Nd1 Bf6 27. Nxd6 Nxd6 28. Qc7
Qxc7 29. Rcxc7 Nec8 30. Ra2 Nf7 31. Rc6 Ng5 32. Nf2 Nf7 33. d6 Nd8 34. d7 Nxc6
35. bxc6 Bd8 36. c7 Bxc7 37. Rc2 Na7 38. Rxc7 1-0

[Event "XII Festival A"]
[Site "Lucca ITA"]
[Date "2000.10.07"]
[Round "1"]
[White "Riccio, Eros"]
[Black "Corso, Roberto"]
[Result "1-0"]
[WhiteElo "2122"]
[BlackElo "1705"]
[PlyCount "63"]
[EventDate "2000.10.07"]

1. e4 c5 2. Nf3 e6 3. d3 d5 4. Nbd2 Nc6 5. g3 g6 6. Bg2 Bg7 7. O-O Nge7 8. c3
O-O 9. Qc2 b5 10. Rd1 Qb6 11. Nf1 a5 12. g4 b4 13. Ng3 a4 14. Bd2 b3 15. axb3
axb3 16. Qb1 Rxa1 17. Qxa1 Bb7 18. Qc1 Ra8 19. Bh6 d4 20. Bxg7 Kxg7 21. cxd4
cxd4 22. Qg5 Qa5 23. Nh5+ Kg8 24. Qh6 gxh5 25. Ng5 Nd8 26. Nxh7 f6 27. Nxf6+
Kf7 28. g5 Ndc6 29. Qxh5+ Kg7 30. Qh7+ Kf8 31. g6 Qg5 32. Qf7# 1-0

[Event "XII Festival A"]
[Site "Lucca ITA"]
[Date "2000.10.08"]
[Round "2"]
[White "Ausmins, Elmar"]
[Black "Patelli, Alessandro"]
[Result "1-0"]
[WhiteElo "2324"]
[BlackElo "2244"]
[PlyCount "95"]
[EventDate "2000.10.07"]

1. d4 Nf6 2. c4 e6 3. Nf3 b6 4. Nc3 Bb7 5. a3 d5 6. cxd5 exd5 7. g3 Be7 8. Bg2
O-O 9. O-O c5 10. Bf4 Na6 11. Rc1 Nc7 12. h3 Ne6 13. Be3 Rc8 14. Qb3 Qc7 15.
Rfd1 Rfd8 16. Rc2 Qb8 17. a4 cxd4 18. Bxd4 Nxd4 19. Nxd4 Ne4 20. Nf5 Bc5 21. e3
Qe5 22. g4 h5 23. Nxe4 dxe4 24. Rcd2 Rxd2 25. Rxd2 Bc6 26. Qc4 a5 27. b3 hxg4
28. hxg4 g6 29. Nd4 Bd5 30. Qa6 Ra8 31. Qb5 Kg7 32. Rd1 Rh8 33. Kf1 Bd6 34. Qe2
Rh4 35. f4 Qf6 36. g5 Qe7 37. Qb2 Kh7 38. Nb5 Bc5 39. Ke2 Rh2 40. Kf1 Be6 41.
Kf2 Bxe3+ 42. Kxe3 Qc5+ 43. Kxe4 f5+ 44. Kf3 Qc6+ 45. Ke3 Rxg2 46. Rh1+ Kg8 47.
Rh8+ Kf7 48. Qf6# 1-0

[Event "XII Festival A"]
[Site "Lucca ITA"]
[Date "2000.10.08"]
[Round "2"]
[White "Bertino, Andrea"]
[Black "Donatini, Andrea"]
[Result "0-1"]
[WhiteElo "1765"]
[BlackElo "1824"]
[PlyCount "68"]
[EventDate "2000.10.07"]

1. e4 e5 2. Nf3 Nc6 3. Bb5 Nf6 4. O-O Nxe4 5. d4 Nd6 6. Bxc6 dxc6 7. dxe5 Nf5
8. Qxd8+ Kxd8 9. Rd1+ Ke8 10. Bg5 Be6 11. Nc3 h6 12. Bf4 g5 13. Bc1 Bg7 14. h3
Rd8 15. Rxd8+ Kxd8 16. b3 Ne7 17. Bb2 Bf5 18. Rc1 Re8 19. Ne2 c5 20. Ng3 Bg6
21. Rd1+ Kc8 22. c4 Nc6 23. Rd5 Nb4 24. Rd2 Nxa2 25. Bd4 Nc1 26. Bc3 Nxb3 27.
Rb2 Nd4 28. Nxd4 cxd4 29. Bxd4 Bxe5 30. Re2 f6 31. Bc5 b6 32. Ba3 Bd3 33. Re3
Bxc4 34. Nh5 Rd8 0-1

[Event "XII Festival A"]
[Site "Lucca ITA"]
[Date "2000.10.08"]
[Round "2"]
[White "Bini, Lorenzo"]
[Black "Franceschi, Riccardo"]
[Result "0-1"]
[WhiteElo "2065"]
[BlackElo "1785"]
[PlyCount "92"]
[EventDate "2000.10.07"]

1. d3 c5 2. f4 g6 3. Nf3 Bg7 4. c3 Nc6 5. g3 e6 6. Bg2 Nge7 7. Be3 b6 8. O-O
Bb7 9. Qc2 Rc8 10. Bf2 O-O 11. Nbd2 d5 12. Rad1 Qd7 13. Rfe1 Rfe8 14. e4 Qd6
15. e5 Qd7 16. g4 a5 17. Nf1 a4 18. Ng3 Na5 19. h4 b5 20. h5 d4 21. cxd4 cxd4
22. Qd2 Bxf3 23. Bxf3 Nac6 24. Ne4 gxh5 25. Nd6 hxg4 26. Bxg4 Kh8 27. Nxf7+ Kg8
28. Nd6 Rf8 29. Nxc8 Qxc8 30. Bg3 Nd5 31. Qh2 Nce7 32. Rc1 Qd7 33. Qh3 Nf5 34.
Bxf5 Rxf5 35. Qg4 Ne3 36. Qf3 Bf8 37. Re2 Qg7 38. Rxe3 dxe3 39. Qxe3 h5 40. Kf2
Qe7 41. Ke2 Qb7 42. Qf3 Qf7 43. Ke3 Qe7 44. Rg1 Kh7 45. d4 Qd7 46. Bh4 Bh6 0-1

[Event "XII Festival A"]
[Site "Lucca ITA"]
[Date "2000.10.08"]
[Round "2"]
[White "Calugi, Francesco"]
[Black "Amato, Giampiero"]
[Result "1-0"]
[WhiteElo "1804"]
[BlackElo "1752"]
[PlyCount "75"]
[EventDate "2000.10.07"]

1. e4 c5 2. Nf3 d6 3. d4 cxd4 4. Nxd4 Nf6 5. Nc3 g6 6. Be3 Bg7 7. f3 Nc6 8. Qd2
O-O 9. O-O-O d5 10. exd5 Nxd5 11. Nxc6 bxc6 12. Bd4 e5 13. Bc5 Be6 14. Ne4 Rb8
15. Bc4 Qc7 16. Bxf8 Kxf8 17. h4 Qb6 18. b3 f5 19. Ng5 Bg8 20. Bxd5 cxd5 21.
Nxh7+ Bxh7 22. Qxd5 Bg8 23. Qd6+ Qxd6 24. Rxd6 Bf7 25. Rd7 Bh6+ 26. Kb1 Be3 27.
Rhd1 Ke8 28. a4 a5 29. Ka2 Bf2 30. Rc7 Bb6 31. Rc6 Bd4 32. f4 Rb4 33. c4 Rb7
34. fxe5 Bxe5 35. Re1 Re7 36. Ra6 Bc3 37. Ra8+ Kd7 38. Ra7+ 1-0

[Event "XII Festival A"]
[Site "Lucca ITA"]
[Date "2000.10.08"]
[Round "2"]
[White "Casarosa, Michele"]
[Black "Ambrosi, Arcangelo"]
[Result "1/2-1/2"]
[WhiteElo "1786"]
[BlackElo "1857"]
[PlyCount "107"]
[EventDate "2000.10.07"]

1. c4 g5 2. d4 Bg7 3. Nc3 c5 4. e3 Nc6 5. d5 Ne5 6. f4 gxf4 7. exf4 Ng6 8. Nf3
d6 9. Qc2 Nh6 10. Bd3 Qd7 11. Bd2 Qg4 12. O-O-O Nxf4 13. Bxh7 Rxh7 14. h3 Qf5
15. Qxf5 Bxf5 16. Bxf4 Bd7 17. Rde1 Kf8 18. Re2 a6 19. Rhe1 Ng8 20. Ne4 f6 21.
Nf2 b5 22. b3 bxc4 23. bxc4 Rb8 24. Rb2 Rxb2 25. Kxb2 f5+ 26. Kc2 Nf6 27. Rb1
Rh8 28. Ng5 Ne8 29. Rb7 Bd4 30. Nd3 Nf6 31. Kd2 Rg8 32. Rb8+ Kg7 33. Rxg8+ Kxg8
34. Be3 Bxe3+ 35. Kxe3 a5 36. Nf4 Bc8 37. Ng6 Ba6 38. Kd3 Nxd5 39. h4 e5 40. h5
e4+ 41. Kd2 Bxc4 42. h6 Nf6 43. Ne7+ Kf8 44. Nxf5 d5 45. h7 Nxh7 46. Nxh7+ Kg8
47. Nf6+ Kf7 48. Nxe4 Bxa2 49. Nxc5 Bb1 50. Nd6+ Kg6 51. Ncb7 Kg5 52. Ke1 Kg4
53. Kf2 Be4 54. Nxa5 1/2-1/2

[Event "XII Festival A"]
[Site "Lucca ITA"]
[Date "2000.10.08"]
[Round "2"]
[White "Corso, Roberto"]
[Black "Masullo, Andrea"]
[Result "1-0"]
[WhiteElo "1705"]
[BlackElo "1837"]
[PlyCount "75"]
[EventDate "2000.10.07"]

1. d4 Nf6 2. Nf3 g6 3. Bf4 Bg7 4. e3 d6 5. h3 Nbd7 6. Be2 O-O 7. O-O b6 8. c3
Bb7 9. a4 a5 10. Na3 Re8 11. Bh2 c6 12. b4 axb4 13. cxb4 Nd5 14. Qb3 N7f6 15.
Nd2 e5 16. dxe5 dxe5 17. Rfd1 Qe7 18. Rab1 Rad8 19. Nac4 Nd7 20. Ne4 Rf8 21. a5
b5 22. Ncd2 Rfe8 23. Rdc1 Bf8 24. Nc5 Nxc5 25. bxc5 Nf4 26. exf4 Rxd2 27. Qe3
Rd5 28. fxe5 Rxc5 29. Bf3 Rxc1+ 30. Rxc1 c5 31. Be2 b4 32. Bf4 Ra8 33. Bg5 Qe6
34. Bg4 f5 35. exf6 Qxe3 36. Bxe3 Kf7 37. Bxc5 Rc8 38. Bxc8 1-0

[Event "XII Festival A"]
[Site "Lucca ITA"]
[Date "2000.10.08"]
[Round "2"]
[White "Frilli, Guido"]
[Black "Bardi, Massimo"]
[Result "1/2-1/2"]
[WhiteElo "1600"]
[BlackElo "1803"]
[PlyCount "86"]
[EventDate "2000.10.07"]

1. e4 c5 2. Nc3 d6 3. g3 Nc6 4. Bg2 e5 5. d3 f5 6. Nge2 Nf6 7. O-O Be7 8. f4
fxe4 9. Nxe4 Bg4 10. c3 Qd7 11. Nxf6+ Bxf6 12. Qe1 O-O-O 13. Be3 Rhe8 14. Bf3
Bxf3 15. Rxf3 e4 16. dxe4 Rxe4 17. Qd2 Rde8 18. Re1 Qe6 19. Nc1 d5 20. f5 Qd6
21. Rff1 d4 22. Bf4 Qd5 23. Rxe4 Qxe4 24. Nd3 dxc3 25. bxc3 Rd8 26. Nxc5 Qxf5
27. Qe3 Nd4 28. Ne4 Nb5 29. a4 Re8 30. axb5 Rxe4 31. Qxa7 Qd5 32. Qb8+ Kd7 33.
Qc7+ Ke6 34. Qb6+ Kf7 35. h4 Re2 36. Qc7+ Kg6 37. Rf2 Re7 38. Qd6 Re1+ 39. Rf1
Rxf1+ 40. Kxf1 Qxb5+ 41. Kg2 Qe2+ 42. Kh3 Qe1 43. Qd3+ Kf7 1/2-1/2

[Event "XII Festival A"]
[Site "Lucca ITA"]
[Date "2000.10.08"]
[Round "2"]
[White "Gorelli Fagiolini, Marco"]
[Black "Carzolio, Luigi"]
[Result "1-0"]
[WhiteElo "2203"]
[BlackElo "1814"]
[PlyCount "107"]
[EventDate "2000.10.07"]

1. e4 e6 2. d4 a6 3. Bd3 b5 4. Nf3 Bb7 5. O-O c5 6. c3 Nf6 7. Qe2 Nc6 8. d5 Ne7
9. dxe6 dxe6 10. Bg5 Qc7 11. Nbd2 Ng6 12. Rfe1 Be7 13. c4 bxc4 14. Bxc4 h6 15.
Bxf6 Bxf6 16. e5 Be7 17. g3 Nf8 18. Bd3 Nd7 19. Be4 Nb6 20. Bxb7 Qxb7 21. Rac1
O-O 22. Nc4 Nxc4 23. Rxc4 Rfd8 24. b3 Qd5 25. Rec1 Qd3 26. Qxd3 Rxd3 27. Kg2
Rd5 28. h4 Rb8 29. Ra4 Rb6 30. Rc2 Bd8 31. Nd2 Bc7 32. f4 f6 33. exf6 gxf6 34.
Ne4 e5 35. f5 Rc6 36. Rac4 a5 37. Rxc5 Rdxc5 38. Rxc5 Rxc5 39. Nxc5 Kf7 40. Ne4
Bd8 41. Kf3 Be7 42. h5 Ke8 43. Nf2 Kf7 44. Ng4 Kg7 45. Ke4 Bb4 46. Ne3 Kf7 47.
Nd5 Bc5 48. Nc3 Bb4 49. Kd3 Bc5 50. Ne4 Bb4 51. Kc4 Be1 52. a3 Ke7 53. b4 axb4
54. axb4 1-0

[Event "XII Festival A"]
[Site "Lucca ITA"]
[Date "2000.10.08"]
[Round "2"]
[White "Koroveshi, Thoma"]
[Black "Bartolini, Tommaso"]
[Result "1/2-1/2"]
[WhiteElo "2041"]
[BlackElo "2165"]
[PlyCount "43"]
[EventDate "2000.10.07"]

1. d4 Nf6 2. c4 g6 3. Nc3 d5 4. Nf3 Bg7 5. Qb3 dxc4 6. Qxc4 O-O 7. e4 a6 8. Be2
b5 9. Qb3 c5 10. dxc5 Be6 11. Qc2 b4 12. Na4 Qa5 13. O-O Nbd7 14. Ng5 Rac8 15.
Nxe6 fxe6 16. Be3 Nxe4 17. Qxe4 Qxa4 18. Qxe6+ Kh8 19. Qxa6 Nxc5 20. Bxc5 Qxa6
21. Bxa6 Rxc5 22. Rac1 1/2-1/2

[Event "XII Festival A"]
[Site "Lucca ITA"]
[Date "2000.10.08"]
[Round "2"]
[White "Nelli, Luca"]
[Black "Innocenti, Luca"]
[Result "1-0"]
[WhiteElo "1927"]
[BlackElo "1668"]
[PlyCount "115"]
[EventDate "2000.10.07"]

1. c4 Nf6 2. Nc3 g6 3. g3 Bg7 4. Bg2 O-O 5. Nf3 c5 6. d4 cxd4 7. Nxd4 Nc6 8.
O-O a6 9. b3 Qa5 10. Bb2 Qh5 11. e3 Nxd4 12. exd4 Qxd1 13. Rfxd1 d6 14. Na4 Rb8
15. Nb6 Nd7 16. Nxc8 Rfxc8 17. Rac1 Rc7 18. Bh3 Bh6 19. f4 Nf8 20. d5 Nd7 21.
Bd4 Bg7 22. Be3 Bb2 23. Rc2 Ba3 24. Bd4 Bc5 25. Bxc5 Nxc5 26. b4 Na4 27. Rdc1
Nb6 28. Kf2 Kf8 29. Ke3 e6 30. dxe6 fxe6 31. Kd4 Kf7 32. c5 Rbc8 33. Bg2 d5 34.
Bf1 Nd7 35. Bd3 Nb8 36. a3 Nc6+ 37. Ke3 Kf6 38. Rf1 Ne7 39. g4 h6 40. g5+ hxg5
41. fxg5+ Kxg5 42. Rg2+ Kh6 43. Rf6 Nf5+ 44. Bxf5 exf5 45. Rgxg6+ Kh7 46. Kf4
Re8 47. Kg5 Rce7 48. Rh6+ Kg7 49. Rfg6+ Kf8 50. Rh8+ Kf7 51. Rh7+ Kf8 52. Rxe7
Rxe7 53. Kxf5 Re3 54. Rg3 d4 55. Kf4 Re2 56. h3 Kf7 57. Rd3 Rh2 58. Ke5 1-0

[Event "XII Festival A"]
[Site "Lucca ITA"]
[Date "2000.10.08"]
[Round "2"]
[White "Riccio, Eros"]
[Black "Mola, Pietro"]
[Result "0-1"]
[WhiteElo "2122"]
[BlackElo "2250"]
[PlyCount "90"]
[EventDate "2000.10.07"]

1. e4 c5 2. Nf3 d6 3. d4 cxd4 4. Nxd4 Nf6 5. Nc3 a6 6. Be2 e5 7. Nb3 Be7 8. O-O
O-O 9. Be3 Be6 10. f4 exf4 11. Bxf4 Nc6 12. Kh1 Rc8 13. Nd4 Ne5 14. Nxe6 fxe6
15. Qd4 Qc7 16. Rad1 Qc5 17. Be3 Qxd4 18. Bxd4 Rc6 19. Kg1 Rfc8 20. h3 Bd8 21.
Bd3 Bb6 22. Ne2 Kf7 23. b3 Ke7 24. Bxb6 Rxb6 25. c4 Rbc6 26. a4 Rf8 27. Nc3
Rcc8 28. Be2 Nfd7 29. Bd3 Nc5 30. Bc2 Ncd7 31. Rf2 Rxf2 32. Kxf2 h6 33. Rf1
Rf8+ 34. Kg1 Rxf1+ 35. Kxf1 Nc6 36. Ke2 Kf6 37. Ke3 Ke5 38. Ne2 a5 39. Nf4 g5
40. Nd3+ Kf6 41. Bd1 Nc5 42. g3 Nxd3 43. Kxd3 Ke5 44. Ke3 Nb4 45. Bf3 Nc2+ 0-1

[Event "XII Festival A"]
[Site "Lucca ITA"]
[Date "2000.10.08"]
[Round "2"]
[White "Tocchioni, Doriano"]
[Black "De Santis, Alessio"]
[Result "0-1"]
[WhiteElo "2250"]
[BlackElo "2309"]
[PlyCount "50"]
[EventDate "2000.10.07"]

1. d4 f5 2. Bg5 g6 3. e3 Bg7 4. Nf3 Nf6 5. Bc4 d5 6. Bb3 Ne4 7. Bf4 e6 8. Nbd2
Nd7 9. h4 a5 10. c4 c6 11. Ng5 Qe7 12. cxd5 exd5 13. Rc1 Nxg5 14. hxg5 Bxd4 15.
Qc2 Be5 16. Bxe5 Qxe5 17. Nf3 Qe6 18. Rh4 Ne5 19. Nxe5 Qxe5 20. Ke2 O-O 21.
Rch1 Rf7 22. R1h2 Be6 23. Qc1 Re8 24. Qd2 f4 25. Qd4 Bg4+ 0-1

[Event "XII Festival A"]
[Site "Lucca ITA"]
[Date "2000.10.08"]
[Round "2"]
[White "Zucconi, Leandro"]
[Black "Jurkovic, Ante"]
[Result "0-1"]
[WhiteElo "2171"]
[BlackElo "2370"]
[PlyCount "90"]
[EventDate "2000.10.07"]

1. Nf3 Nf6 2. c4 g6 3. b3 Bg7 4. Bb2 c5 5. g3 d6 6. Bg2 e5 7. d3 O-O 8. O-O Nc6
9. Nc3 h6 10. Nd5 Nxd5 11. cxd5 Ne7 12. Nd2 b6 13. f4 Nf5 14. Nc4 b5 15. e4
Nxg3 16. hxg3 bxc4 17. dxc4 h5 18. Qd2 h4 19. gxh4 Qxh4 20. fxe5 Bh3 21. Qf4
Qxf4 22. Rxf4 Bxg2 23. Kxg2 Rae8 24. Raf1 Bxe5 25. Bxe5 Rxe5 26. Rf6 Rg5+ 27.
Kf3 Rd8 28. Ke3 Rd7 29. R1f2 Kg7 30. Kd3 a5 31. a4 Rg3+ 32. R6f3 Rxf3+ 33. Rxf3
Rb7 34. Ke2 Re7 35. Kd3 Re5 36. Rg3 f6 37. Rf3 Re8 38. Rh3 g5 39. Rf3 Kg6 40.
Rg3 Rh8 41. Ke3 Rh2 42. Kf3 Kh5 43. e5 fxe5 44. Ke4 Kg6 45. Rf3 Rh4+ 0-1

[Event "XII Festival A"]
[Site "Lucca ITA"]
[Date "2000.10.08"]
[Round "3"]
[White "Amato, Giampiero"]
[Black "Bini, Lorenzo"]
[Result "1/2-1/2"]
[WhiteElo "1752"]
[BlackElo "2065"]
[PlyCount "78"]
[EventDate "2000.10.07"]

1. e4 d6 2. d4 g6 3. Nc3 Bg7 4. Be2 c6 5. Be3 Nd7 6. Qd2 b5 7. h4 h5 8. Nh3 Nb6
9. b3 b4 10. Nd1 Nf6 11. f3 a5 12. Ng5 Qc7 13. Rc1 Qb7 14. Nf2 Nh7 15. Nxh7
Rxh7 16. Nd3 c5 17. c3 c4 18. Nf2 cxb3 19. axb3 bxc3 20. Qxc3 Bd7 21. O-O Bf6
22. g3 Kf8 23. Qc7 Rb8 24. d5 Be8 25. Qxb7 Rxb7 26. Rc6 Nd7 27. Bd1 Rh8 28. Nd3
Kg7 29. Rf2 Nb8 30. Rc1 Bb5 31. Nb2 Na6 32. Nc4 Bxc4 33. Rxc4 Nb4 34. Rd2 Rhb8
35. Bd4 Bxd4+ 36. Rdxd4 Na6 37. Ra4 Nc5 38. Rxa5 Nxb3 39. Bxb3 Rxb3 1/2-1/2